00803nam a22002297a 450000500170000001000130001702000100003003500130004003700160005304000120006908200130008110000230009424500720011726000430018927000390023230000240027165000210029565000270031694200220034399900190036595201890038420170124110031.0 aA-794503 c00.00 aA-794503 bCen Lib/Ret aDPLbEN a374bKUN aKundu, C.L.921748 aAdult education programme in the university system /cby C.L. Kundu aKurukshetra bNirmal book agencyc1968 bKurukshetra a322/8, Indira colony avii,113p.c21cm(Hb) aEducation 91169 aAdult education920364 2ddccENh374mKUN c127863d127863 04104070aLbLd2015-06-30eCen Lib/Retg175.00l0o374 KUNpA-794503r2015-06-30 00:00:00t1v175.00w2015-06-30yENzWritten off on approval by DLB (By Circulation); dtd 15-06-2023